[Event "Eastern Asia-ch U18 4th"]
[Site "Bangkok"]
[Date "2019.08.05"]
[Round "5.4"]
[White "Tran, Dang Minh Quang"]
[Black "Pangilinan, Stephen Rome"]
[Result "1-0"]
[WhiteElo "2025"]
[BlackElo "2153"]
[PlyCount "91"]
[EventDate "2019.08.02"]
[EventType "swiss"]
[EventRounds "9"]
[EventCountry "THA"]
[SourceTitle "EXT 2024"]
[Source "ChessBase"]
[SourceDate "2023.10.10"]
[SourceVersion "1"]
[SourceVersionDate "2023.10.10"]
[SourceQuality "1"]

1. d4 Nf6 2. Bf4 e6 3. e3 b6 4. h3 Bb7 5. Nf3 Be7 6. Be2 d6 7. 0-0 0-0 8. a4 Nbd7 9. a5 bxa5 10. Nbd2 Nb6 11. Rxa5 Nbd5 12. Bh2 c5 13. Ra3 cxd4 14. exd4 Nb6 15. Qa1 Nc8 16. c4 Ne4 17. Nb3 Rb8 18. Rc1 Bf6 19. Na5 Ba8 20. Qb1 Rb4 21. Nb3 Qb6 22. Qc2 h6 23. Bf4 Qc6 24. Na5 Qd7 25. h4 e5 26. dxe5 dxe5 27. Bxe5 Bxe5 28. Nxe5 Qd4 29. Nd3 Rb6 30. Bf3 Qf6 31. h5 Qg5 32. Re1 Re6 33. Qc1 Qe7 34. Nf4 Qh4 35. g3 Nxg3 36. Bxa8 Rxe1+ 37. Qxe1 Nf5 38. Ng2 Qg5 39. c5 Nd4 40. Qe3 Qxc5 41. Nc6 Nb6 42. Qxd4 Qc1+ 43. Kh2 Rxa8 44. Rg3 g5 45. Ne7+ Kh7 46. Nf5 1-0

[Event "Asian Continental op 17th"]
[Site "Makati"]
[Date "2018.12.17"]
[Round "8"]
[White "Orio, Rogelio L"]
[Black "Pangilinan, Stephen Rome"]
[Result "0-1"]
[WhiteElo "1793"]
[BlackElo "2276"]
[PlyCount "104"]
[EventDate "2018.12.10"]
[EventType "swiss"]
[EventRounds "9"]
[EventCountry "PHI"]
[SourceTitle "CBM 187 Extra"]
[Source "ChessBase"]
[SourceDate "2018.11.04"]
[SourceVersion "1"]
[SourceVersionDate "2018.11.04"]
[SourceQuality "1"]

1. d4 d5 2. Bf4 Nf6 3. e3 g6 4. Be2 Bg7 5. c3 b6 6. Nd2 Nbd7 7. Ngf3 0-0 8. h3 c5 9. 0-0 Bb7 10. Re1 Ne8 11. a4 a6 12. Qc2 Rc8 13. Ne5 Nxe5 14. dxe5 Nc7 15. Rad1 Ne6 16. Bg3 d4 17. Qb1 dxe3 18. fxe3 Qc7 19. Bf3 c4 20. Bxb7 Qxb7 21. Nf3 Nc5 22. Rd4 Nd3 23. Re2 b5 24. axb5 Qxb5 25. b4 a5 26. e4 axb4 27. cxb4 Rfd8 28. Rd5 Rxd5 29. exd5 Qxd5 30. b5 Rb8 31. e6 Rxb5 32. exf7+ Kxf7 33. Qf1 Bf6 34. h4 Qf5 35. Kh2 c3 36. Rc2 Rb2 37. Qd1 Nf4 38. Rxb2 cxb2 39. Qb3+ Kg7 40. Nd2 Qd5 41. Qxd5 Nxd5 42. Nb1 Nc3 43. Na3 b1Q 44. Nxb1 Nxb1 45. Be1 Nc3 46. g3 Ne4 47. Kg2 Bc3 48. Bxc3+ Nxc3 49. Kf3 h5 50. Ke3 Kf6 51. Kf4 e5+ 52. Kf3 Kf5 0-1

[Event "Asian Continental op 17th"]
[Site "Makati"]
[Date "2018.12.16"]
[Round "7"]
[White "Pangilinan, Stephen Rome"]
[Black "Montoya, Edsel"]
[Result "0-1"]
[WhiteElo "2276"]
[BlackElo "2312"]
[PlyCount "82"]
[EventDate "2018.12.10"]
[EventType "swiss"]
[EventRounds "9"]
[EventCountry "PHI"]
[SourceTitle "CBM 187 Extra"]
[Source "ChessBase"]
[SourceDate "2018.11.04"]
[SourceVersion "1"]
[SourceVersionDate "2018.11.04"]
[SourceQuality "1"]

1. b3 Nf6 2. Bb2 d5 3. e3 g6 4. c4 Bg7 5. Nf3 0-0 6. Be2 c5 7. 0-0 Nc6 8. d4 dxc4 9. dxc5 cxb3 10. axb3 Be6 11. Nbd2 Qc7 12. Bc4 Bxc4 13. Nxc4 Rfd8 14. Qe1 a5 15. Nb6 Ra6 16. Qe2 Ne4 17. Na4 Bxb2 18. Qxb2 Nb4 19. Rad1 Raa8 20. Qe5 Qxe5 21. Nxe5 Nd2 22. Nb6 Nxf1 23. Ned7 Nxe3 24. fxe3 Nc6 25. Nxa8 Rxa8 26. Nb6 Rd8 27. Ra1 Rd3 28. Nc4 Rxb3 29. Nxa5 Rb5 30. Nxc6 bxc6 31. Rc1 Rb2 32. h4 f6 33. Kh2 Rb3 34. e4 Rb4 35. Ra1 Rxe4 36. Ra8+ Kf7 37. Rc8 Rxh4+ 38. Kg3 Rc4 39. Rxc6 Ke8 40. Rc8+ Kd7 41. Rh8 h5 0-1

[Event "Asian Continental op 17th"]
[Site "Makati"]
[Date "2018.12.12"]
[Round "3"]
[White "Pangilinan, Stephen Rome"]
[Black "Gomez, John Paul"]
[Result "0-1"]
[WhiteElo "2276"]
[BlackElo "2450"]
[PlyCount "84"]
[EventDate "2018.12.10"]
[EventType "swiss"]
[EventRounds "9"]
[EventCountry "PHI"]
[SourceTitle "CBM 187 Extra"]
[Source "ChessBase"]
[SourceDate "2018.11.04"]
[SourceVersion "1"]
[SourceVersionDate "2018.11.04"]
[SourceQuality "1"]

1. e4 e6 2. d4 d5 3. Nd2 Nf6 4. Bd3 c5 5. c3 cxd4 6. cxd4 dxe4 7. Nxe4 Nc6 8. Nf3 Be7 9. 0-0 0-0 10. Ng3 b6 11. a3 Bb7 12. b4 Rc8 13. Bb2 Qd6 14. Bc2 Ba6 15. Re1 Bc4 16. Rc1 b5 17. Ng5 Rfd8 18. Nh5 g6 19. Nxf6+ Bxf6 20. Ne4 Qe7 21. Nxf6+ Qxf6 22. Qg4 Nxd4 23. Bd1 Nf3+ 24. Bxf3 Qxb2 25. Bb7 Rb8 26. Bf3 Qxa3 27. Rb1 a5 28. bxa5 Qxa5 29. h4 Qa7 30. h5 Rd2 31. Re3 Rbd8 32. Qg5 Qd4 33. h6 f6 34. Qg3 e5 35. Be4 Rd1+ 36. Kh2 Kf7 37. Rxd1 Qxd1 38. Bf3 Qd6 39. Kg1 b4 40. Qh4 Be6 41. Be4 Qd1+ 42. Kh2 g5 0-1

[Event "Wch U20 56th"]
[Site "Tarvisio"]
[Date "2017.11.20"]
[Round "7"]
[White "Cappelletto, Joshuaede"]
[Black "Pangilinan, Stephen Rome"]
[Result "0-1"]
[WhiteElo "1920"]
[BlackElo "2183"]
[PlyCount "50"]
[EventDate "2017.11.13"]
[EventType "swiss"]
[EventRounds "11"]
[EventCountry "ITA"]
[SourceTitle "CBM 181 Extra"]
[Source "ChessBase"]
[SourceDate "2017.12.12"]
[SourceVersion "1"]
[SourceVersionDate "2017.12.12"]
[SourceQuality "1"]

1. e4 c5 2. Nf3 Nc6 3. d4 cxd4 4. Nxd4 g6 5. Nc3 Bg7 6. Be3 Nf6 7. Bc4 0-0 8. Bb3 d6 9. f3 Bd7 10. Qd2 Ne5 11. 0-0-0 Rc8 12. h4 h5 13. Kb1 Nc4 14. Bxc4 Rxc4 15. Qd3 Qc8 16. Ndb5 a6 17. Na3 Rc6 18. Bg5 Be6 19. Ne2 b5 20. Nd4 b4 21. Nxc6 Qxc6 22. g4 bxa3 23. e5 Nd5 24. Qxa3 Rb8 25. Kc1 Bxe5 0-1

[Event "Wch U20 56th"]
[Site "Tarvisio"]
[Date "2017.11.16"]
[Round "4"]
[White "Nikolovski, Nikola"]
[Black "Pangilinan, Stephen Rome"]
[Result "1-0"]
[WhiteElo "2412"]
[BlackElo "2183"]
[PlyCount "147"]
[EventDate "2017.11.13"]
[EventType "swiss"]
[EventRounds "11"]
[EventCountry "ITA"]
[SourceTitle "CBM 181 Extra"]
[Source "ChessBase"]
[SourceDate "2017.12.12"]
[SourceVersion "1"]
[SourceVersionDate "2017.12.12"]
[SourceQuality "1"]

1. e4 c5 2. Nf3 Nc6 3. d4 cxd4 4. Nxd4 g6 5. c4 Bg7 6. Be3 Nf6 7. Nc3 0-0 8. Be2 d6 9. 0-0 Bd7 10. h3 Nxd4 11. Bxd4 Bc6 12. Qc2 Nd7 13. Bxg7 Kxg7 14. Rad1 a5 15. Bg4 Ne5 16. c5 f5 17. exf5 h5 18. Be2 Rxf5 19. cxd6 exd6 20. f4 Qb6+ 21. Kh2 Nf7 22. Bd3 Rf6 23. Ne4 Bxe4 24. Bxe4 Rf8 25. Rf3 h4 26. Rb3 Qc5 27. Rc3 Qh5 28. Rf3 Qc5 29. Qd2 Qb4 30. Qxb4 axb4 31. Bxb7 Nd8 32. Ba6 Rxf4 33. Rxf4 Rxf4 34. Rxd6 Nf7 35. Rb6 Ne5 36. Kg1 Rd4 37. Bf1 Nd7 38. Rc6 Rd2 39. Rc4 b3 40. axb3 Nb6 41. Rxh4 Rxb2 42. Bc4 Nd7 43. Re4 Nc5 44. Re3 Kf6 45. Kh2 Kf5 46. Rf3+ Kg5 47. Bf7 Ne4 48. Bd5 Nd6 49. Be6 Ne4 50. Bf7 Nc5 51. Bd5 Rd2 52. Rg3+ Kf6 53. Bc4 Rb2 54. h4 Ne4 55. Re3 Nd2 56. Kh3 Kf5 57. g3 Nxc4 58. Rf3+ Ke6 59. bxc4 Rc2 60. Rf4 Re2 61. Kg4 Re5 62. Kf3 Ra5 63. Ke4 g5 64. hxg5 Rxg5 65. g4 Kd6 66. Kf3 Ke6 67. Re4+ Kf6 68. Ke3 Rg8 69. c5 Rd8 70. c6 Rc8 71. Rc4 Re8+ 72. Kf4 Ke6 73. Re4+ Kf7 74. Rxe8 1-0

[Event "Wch U20 56th"]
[Site "Tarvisio"]
[Date "2017.11.15"]
[Round "3"]
[White "Pangilinan, Stephen Rome"]
[Black "Saiyn, Zhanat"]
[Result "1-0"]
[WhiteElo "2183"]
[BlackElo "2374"]
[PlyCount "77"]
[EventDate "2017.11.13"]
[EventType "swiss"]
[EventRounds "11"]
[EventCountry "ITA"]
[SourceTitle "CBM 181 Extra"]
[Source "ChessBase"]
[SourceDate "2017.12.12"]
[SourceVersion "1"]
[SourceVersionDate "2017.12.12"]
[SourceQuality "1"]

1. c4 g6 2. g3 Bg7 3. Bg2 Nf6 4. Nc3 0-0 5. d4 c5 6. e3 Nc6 7. Nge2 cxd4 8. exd4 d5 9. Nxd5 Nxd5 10. cxd5 Na5 11. b3 Bg4 12. 0-0 Bxe2 13. Qxe2 Bxd4 14. Rb1 Rc8 15. Ba3 Re8 16. Rbd1 Bc3 17. Rc1 b6 18. d6 exd6 19. Qd3 Qf6 20. b4 Bd4 21. bxa5 Rxc1 22. Bxc1 Re1 23. Qf3 Qe6 24. Bh6 Rxf1+ 25. Kxf1 Qc4+ 26. Kg1 Qc8 27. a6 Bg7 28. Bxg7 Kxg7 29. Qb7 Qc1+ 30. Bf1 d5 31. Qxa7 d4 32. Qxb6 Qa1 33. a7 Qxa2 34. Qxd4+ f6 35. Qd7+ Kh6 36. Qb7 Kh5 37. a8Q h6 38. Qf3+ Kg5 39. h4# 1-0

[Event "Wch U20 56th"]
[Site "Tarvisio"]
[Date "2017.11.14"]
[Round "2"]
[White "Bilguun, Sumiya"]
[Black "Pangilinan, Stephen Rome"]
[Result "1-0"]
[WhiteElo "2460"]
[BlackElo "2183"]
[PlyCount "89"]
[EventDate "2017.11.13"]
[EventType "swiss"]
[EventRounds "11"]
[EventCountry "ITA"]
[SourceTitle "CBM 181 Extra"]
[Source "ChessBase"]
[SourceDate "2017.12.12"]
[SourceVersion "1"]
[SourceVersionDate "2017.12.12"]
[SourceQuality "1"]

1. e4 c5 2. Nf3 Nc6 3. Bb5 g6 4. 0-0 Bg7 5. Re1 e5 6. a4 Nge7 7. Nc3 0-0 8. d3 d6 9. h3 h6 10. Bc4 Be6 11. Nh2 d5 12. exd5 Nxd5 13. Ne4 b6 14. c3 Kh7 15. Ng3 Nc7 16. Bxe6 Nxe6 17. Qf3 Qd7 18. h4 h5 19. Ne4 f6 20. Be3 Ne7 21. a5 Nd5 22. Bd2 Rad8 23. Red1 b5 24. g3 a6 25. Qe2 Bh6 26. Bxh6 Kxh6 27. Nf3 Kg7 28. Nfd2 Qc7 29. Nb3 f5 30. Ned2 f4 31. Re1 Rf5 32. Ne4 f3 33. Qd1 Nf6 34. Nxf6 Rxf6 35. Re3 c4 36. Nd2 Rxd3 37. Rxd3 cxd3 38. Ne4 Rf7 39. Qxd3 Qc8 40. Qd6 Nf4 41. Qxe5+ Kg8 42. Rd1 Qh3 43. Rd8+ Rf8 44. Rxf8+ Kxf8 45. Qxf4+ 1-0

[Event "Bacolod Negros op"]
[Site "Bacolod"]
[Date "2017.10.18"]
[Round "8"]
[White "Salubre, Jayson"]
[Black "Pangilinan, Stephen Rome"]
[Result "1-0"]
[WhiteElo "2282"]
[BlackElo "2151"]
[PlyCount "99"]
[EventDate "2017.10.11"]
[EventType "swiss"]
[EventRounds "9"]
[EventCountry "PHI"]
[SourceTitle "CBM 181 Extra"]
[Source "ChessBase"]
[SourceDate "2017.12.12"]
[SourceVersion "1"]
[SourceVersionDate "2017.12.12"]
[SourceQuality "1"]

1. e4 c5 2. Nc3 Nc6 3. Bb5 Nd4 4. Bc4 g6 5. Nf3 Bg7 6. Nxd4 cxd4 7. Qf3 e6 8. Nb5 Be5 9. c3 a6 10. Nxd4 b5 11. Bb3 Bb7 12. Qe2 Ne7 13. Nf3 Bg7 14. 0-0 f5 15. exf5 0-0 16. d4 gxf5 17. Bg5 Bf6 18. Bxf6 Rxf6 19. Ne5 d6 20. Nd3 Nd5 21. Qh5 Qe7 22. Bxd5 Bxd5 23. Nf4 Bb7 24. Rae1 Kh8 25. Re3 Rg8 26. Rg3 e5 27. Re1 e4 28. Ree3 Qf7 29. Qxf7 Rxf7 30. Rxg8+ Kxg8 31. Kf1 Kg7 32. Ke2 Kf6 33. Rg3 a5 34. Ke3 Rc7 35. Rh3 b4 36. Rh6+ Kg5 37. Rxd6 Rc8 38. g3 Bc6 39. c4 Be8 40. b3 a4 41. h3 axb3 42. axb3 Ra8 43. Ne6+ Kh5 44. Kf4 Ra7 45. g4+ fxg4 46. hxg4+ Kh4 47. Ng5 Bg6 48. Nxh7 Rg7 49. Ng5 Rh7 50. Nxe4 1-0

[Event "Eastern Asia-ch U20"]
[Site "Tagaytay CIty"]
[Date "2017.06.01"]
[Round "6.2"]
[White "Taher, Yoseph Theolifus"]
[Black "Pangilinan, Stephen Rome"]
[Result "1-0"]
[WhiteElo "2369"]
[BlackElo "2065"]
[PlyCount "81"]
[EventDate "2017.05.27"]
[EventType "swiss"]
[EventRounds "9"]
[EventCountry "PHI"]
[SourceTitle "EXT 2024"]
[Source "ChessBase"]
[SourceDate "2023.10.10"]
[SourceVersion "1"]
[SourceVersionDate "2023.10.10"]
[SourceQuality "1"]

1. e4 c5 2. Nf3 g6 3. d4 cxd4 4. Qxd4 Nf6 5. e5 Nc6 6. Qa4 Nd5 7. Qe4 Nb6 8. Nc3 d5 9. exd6 Bf5 10. Qe2 Qxd6 11. Nb5 Qb8 12. Nbd4 Bg4 13. Nxc6 bxc6 14. Qe4 Bxf3 15. Qxf3 Nd5 16. c4 Nb4 17. Qc3 e5 18. Bd2 Na6 19. c5 Nxc5 20. Be3 Nd7 21. 0-0-0 Qc7 22. g3 Bg7 23. Bh3 f5 24. Bg2 Rc8 25. Qc4 Ke7 26. Rxd7+ Qxd7 27. Rd1 Qe6 28. Bc5+ Kf6 29. Rd6 Qxd6 30. Bxd6 Rhd8 31. Bc5 Rd7 32. Be3 h6 33. f4 Rcd8 34. fxe5+ Kxe5 35. Qxc6 g5 36. h4 Bf6 37. Bf3 Rd3 38. Qc5+ Ke6 39. Be2 R3d6 40. Bc4+ Ke7 41. Qxf5 1-0

[Event "Bangkok op 17th"]
[Site "Bangkok"]
[Date "2017.04.12"]
[Round "5"]
[White "Pangilinan, Stephen Rome"]
[Black "Liu, Chang"]
[Result "0-1"]
[WhiteElo "2030"]
[BlackElo "2346"]
[PlyCount "254"]
[EventDate "2017.04.08"]
[EventType "swiss"]
[EventRounds "9"]
[EventCountry "THA"]
[SourceTitle "CBM 177 Extra"]
[Source "ChessBase"]
[SourceDate "2017.04.27"]
[SourceVersion "1"]
[SourceVersionDate "2017.04.27"]
[SourceQuality "1"]

1. e4 d6 2. d4 g6 3. f4 Bg7 4. Nf3 Nf6 5. Bd3 0-0 6. 0-0 Nc6 7. c3 Ne8 8. f5 e6 9. Bg5 f6 10. Bd2 Ne7 11. Qb3 d5 12. fxg6 hxg6 13. exd5 exd5 14. Nh4 f5 15. Na3 Bf6 16. Nf3 Nd6 17. Ne5 Kg7 18. Rae1 c6 19. Rf3 Ne4 20. Bc1 Qb6 21. Be3 Qxb3 22. axb3 Be6 23. b4 a6 24. g3 g5 25. Bxe4 dxe4 26. Rf2 Ng6 27. Nac4 f4 28. gxf4 Bxc4 29. Nxc4 gxf4 30. Rg2 fxe3 31. Rxe3 Kh6 32. Nd6 Nh4 33. Rg4 Kh5 34. Rexe4 Bg5 35. h3 Rf6 36. Ne8 Rf7 37. Nd6 Rd7 38. Re6 Rf8 39. Ne4 Be3+ 40. Kh2 Bf4+ 41. Kh1 Rf5 42. Nf6+ Rxf6 43. Rxf6 Bg5 44. Rf8 Rh7 45. Rg8 Bf6 46. Kg1 Rf7 47. Re8 Ng6 48. Re6 Nh4 49. Ree4 Bg5 50. Re8 Bf6 51. Rg3 Nf5 52. Rf3 Kg6 53. Re6 Ng7 54. Rg3+ Kf5 55. Ree3 Nh5 56. Rgf3+ Nf4 57. Kf1 Rg7 58. Re8 Be7 59. Re3 Bd6 60. Rd8 Nd5 61. Rf3+ Ke4 62. Kf2 Bf4 63. Re8+ Ne7 64. Rf8 Nd5 65. Re8+ Ne7 66. h4 Rf7 67. h5 Kf5 68. h6 Nd5 69. c4 Nf6 70. Re5+ Kg4 71. Re1 Kf5 72. Re5+ Kg4 73. Re1 Kf5 74. Rf1 Rh7 75. Re1 Rxh6 76. Ke2 Ke4 77. Kf2+ Kf5 78. Ke2 Rh2+ 79. Rf2 Rh3 80. Rf3 Rh2+ 81. Rf2 Rh4 82. Kd3 Rh3+ 83. Kc2 Ng4 84. Rfe2 Ne3+ 85. Kb1 Ke4 86. d5 cxd5 87. cxd5 Kxd5 88. Rd2+ Kc6 89. Rc1+ Kb6 90. Rd4 Rf3 91. Rg1 Bg3 92. Ka2 Nf5 93. Rd5 Ne7 94. Rh5 Bd6 95. Rh6 Rd3 96. Rg4 Nc6 97. Kb1 Rd5 98. Rhh4 Be7 99. Rh6 Kb5 100. Rh7 Re5 101. Rg1 Nxb4 102. Rd1 b6 103. Rdh1 a5 104. R7h5 Rxh5 105. Rxh5+ Kc6 106. Rh6+ Bd6 107. Rh8 Nd5 108. Kc2 Bc5 109. b3 Kb5 110. Rh5 Nb4+ 111. Kc3 Na6 112. Rg5 Kc6 113. Rh5 Bd6 114. Rh6 Kd5 115. Rh5+ Be5+ 116. Kd2 Nb4 117. Rh7 Kc5 118. Rh5 Nc6 119. Kc2 b5 120. Kb1 Kb4 121. Ka2 Kc3 122. Rf5 Nb4+ 123. Ka3 Nd3 124. Rg5 Kc2 125. Rg2+ Kb1 126. Rg1+ Nc1 127. b4 Bb2# 0-1

[Event "Tagaytay City zt 3.3"]
[Site "Tagaytay City"]
[Date "2017.03.04"]
[Round "8"]
[White "Goh, Wei Ming Kevin"]
[Black "Pangilinan, Stephen Rome"]
[Result "1-0"]
[WhiteElo "2457"]
[BlackElo "1982"]
[PlyCount "125"]
[EventDate "2017.02.25"]
[EventType "swiss"]
[EventRounds "9"]
[EventCountry "PHI"]
[SourceTitle "CBM 177 Extra"]
[Source "ChessBase"]
[SourceDate "2017.04.27"]
[SourceVersion "1"]
[SourceVersionDate "2017.04.27"]
[SourceQuality "1"]

1. e4 c5 2. Nf3 g6 3. d4 cxd4 4. Qxd4 Nf6 5. Nc3 Nc6 6. Qa4 Ng4 7. h3 Nge5 8. Nxe5 Nxe5 9. Be3 Bg7 10. Nd5 Nc6 11. 0-0-0 e6 12. Bc5 d6 13. Ne3 Qf6 14. e5 Qxe5 15. Bd4 Qf4 16. g3 Qh6 17. Bxg7 Qxg7 18. Rxd6 Qe5 19. Rd2 0-0 20. Bg2 Rb8 21. Rhd1 b5 22. Qh4 g5 23. Qh6 Ne7 24. Rd8 Ng6 25. Ng4 Qg7 26. Qxg5 Ba6 27. Rxb8 Rxb8 28. Rd7 Rf8 29. Rxa7 Bc8 30. Rc7 b4 31. Nh6+ Kh8 32. Nxf7+ Rxf7 33. Rxc8+ Rf8 34. Rxf8+ Qxf8 35. Qe3 Qd6 36. a3 bxa3 37. Qxa3 Qd7 38. Qa8+ Kg7 39. Qb7 Qf7 40. Qxf7+ Kxf7 41. Be4 Nf8 42. Kd2 Ke7 43. b4 Kd6 44. c4 h6 45. c5+ Kc7 46. Ke3 Nd7 47. f4 Nf6 48. g4 h5 49. g5 Ne8 50. b5 Ng7 51. b6+ Kc8 52. c6 h4 53. Bd3 Ne8 54. Ba6+ Kd8 55. c7+ Ke7 56. c8Q Ng7 57. Qc7+ Kf8 58. g6 Nf5+ 59. Kf2 Ne7 60. b7 Kg7 61. Qxe7+ Kxg6 62. Bd3+ Kh6 63. Qg5# 1-0

[Event "Tagaytay City zt 3.3"]
[Site "Tagaytay City"]
[Date "2017.03.01"]
[Round "5"]
[White "Nguyen, Van Hai"]
[Black "Pangilinan, Stephen Rome"]
[Result "0-1"]
[WhiteElo "2353"]
[BlackElo "1982"]
[PlyCount "80"]
[EventDate "2017.02.25"]
[EventType "swiss"]
[EventRounds "9"]
[EventCountry "PHI"]
[SourceTitle "CBM 177 Extra"]
[Source "ChessBase"]
[SourceDate "2017.04.27"]
[SourceVersion "1"]
[SourceVersionDate "2017.04.27"]
[SourceQuality "1"]

1. d4 d5 2. Nf3 Nf6 3. c4 c6 4. e3 a6 5. Nbd2 Bf5 6. Nh4 Bg4 7. f3 Bh5 8. g4 Bg6 9. g5 Nfd7 10. Qb3 Ra7 11. f4 e6 12. Nxg6 hxg6 13. Bg2 dxc4 14. Nxc4 b5 15. Ne5 Nxe5 16. dxe5 c5 17. 0-0 c4 18. Qc2 Bc5 19. b3 Qb6 20. Qe4 c3 21. b4 Be7 22. Rb1 Rc7 23. Qc2 Rc4 24. a3 0-0 25. h4 Rd8 26. Rb3 Qc7 27. h5 gxh5 28. g6 Nd7 29. gxf7+ Kxf7 30. f5 Nxe5 31. fxe6+ Kg8 32. Rf4 Ng4 33. Bf3 Bg5 34. e7 Qxe7 35. Rxc4 Bxe3+ 36. Kg2 bxc4 37. Rxc3 Qg5 38. Kf1 Qf4 39. Qe2 Bxc1 40. Qe7 Rd1+ 0-1

[Event "Subic Bay Puregold op-B"]
[Site "Subic Bay"]
[Date "2016.12.13"]
[Round "1"]
[White "Macasinag, Leandro"]
[Black "Pangilinan, Stephen Rome"]
[Result "0-1"]
[WhiteElo "2026"]
[BlackElo "2030"]
[PlyCount "72"]
[EventDate "2016.12.13"]
[EventType "swiss"]
[EventRounds "9"]
[EventCountry "PHI"]
[SourceTitle "EXT 2018"]
[Source "ChessBase"]
[SourceDate "2017.10.13"]
[SourceVersion "1"]
[SourceVersionDate "2017.10.13"]
[SourceQuality "1"]

1. d4 d5 2. c4 c6 3. cxd5 cxd5 4. Nf3 Nf6 5. Nc3 a6 6. Bf4 Nc6 7. e3 Bf5 8. Ne5 Nd7 9. Nxc6 bxc6 10. Bd3 Bxd3 11. Qxd3 e6 12. 0-0 Qf6 13. Rac1 c5 14. dxc5 Nxc5 15. Qe2 Be7 16. Rfd1 0-0 17. Bg3 Qg6 18. b4 Nd7 19. e4 Bxb4 20. exd5 Bxc3 21. dxe6 Rfe8 22. Rxc3 Rxe6 23. Qd2 Rae8 24. h3 Nf6 25. Rc7 Re2 26. Qa5 h5 27. Rc6 Qe4 28. Rxa6 h4 29. Bc7 Rxf2 30. Qg5 Qe2 31. Rc1 Qxa6 32. Qxh4 Ree2 33. Qxf2 Rxf2 34. Kxf2 Qxa2+ 35. Kg1 Qd2 36. Rf1 Nd5 0-1

[Event "Asian Schools-ch 12th U15"]
[Site "Tehran"]
[Date "2016.07.17"]
[Round "9.1"]
[White "Piyumantha, M Sasith Nipun"]
[Black "Pangilinan, Stephen Rome"]
[Result "0-1"]
[WhiteElo "2011"]
[BlackElo "1954"]
[PlyCount "64"]
[EventDate "2016.07.11"]
[EventType "swiss"]
[EventRounds "9"]
[EventCountry "IRI"]
[SourceTitle "EXT 2024"]
[Source "ChessBase"]
[SourceDate "2023.10.10"]
[SourceVersion "1"]
[SourceVersionDate "2023.10.10"]
[SourceQuality "1"]

1. d4 d5 2. c4 c6 3. Nf3 Nf6 4. Qc2 g6 5. Bf4 Bg7 6. e3 0-0 7. Be2 dxc4 8. Bxc4 Bf5 9. Qe2 Nbd7 10. 0-0 c5 11. Nc3 Bg4 12. h3 Bxf3 13. Qxf3 Nb6 14. Bb3 c4 15. Bc2 Nfd5 16. Bh2 e6 17. a3 f5 18. Nb5 Qd7 19. a4 a6 20. Na3 Rac8 21. a5 Na4 22. Bxa4 Qxa4 23. Rfc1 Qb3 24. Qe2 c3 25. bxc3 Nxc3 26. Qc2 Qb4 27. Kh1 Ne4 28. Qxc8 Rxc8 29. Rxc8+ Bf8 30. Bg1 Qb2 31. Rb1 Qxa3 32. Rxb7 Nd6 0-1

[Event "Asian Schools-ch U15 12th Rapid"]
[Site "Tehran"]
[Date "2016.07.10"]
[Round "5.3"]
[White "Pangilinan, Stephen Rome"]
[Black "Sameer, Loay"]
[Result "1-0"]
[WhiteElo "1862"]
[BlackElo "1935"]
[PlyCount "51"]
[EventDate "2016.07.10"]
[EventType "swiss"]
[EventRounds "7"]
[EventCountry "IRI"]
[SourceTitle "EXT 2024"]
[Source "ChessBase"]
[SourceDate "2023.10.10"]
[SourceVersion "1"]
[SourceVersionDate "2023.10.10"]
[SourceQuality "1"]

1. e4 d6 2. d4 g6 3. Nf3 Bg7 4. Nc3 Bg4 5. Bc4 Nf6 6. h3 Bxf3 7. Qxf3 0-0 8. e5 dxe5 9. dxe5 Ne8 10. Qxb7 Nd7 11. e6 Nd6 12. exf7+ Kh8 13. Qa6 Nc5 14. Qc6 Ncb7 15. Be6 Na5 16. Qf3 Nac4 17. Bf4 Ne5 18. Bxe5 Bxe5 19. 0-0 Kg7 20. Rad1 Qb8 21. Nd5 c6 22. Nxe7 Qc7 23. Nxc6 Bf6 24. Nb4 Qb6 25. Nd5 Qxb2 26. Nxf6 1-0

[Event "ASEAN-ch U14 17th"]
[Site "Dusit Thani"]
[Date "2016.05.30"]
[Round "1.1"]
[White "Pangilinan, Stephen Rome"]
[Black "Hairul, Muhd Ilhan Mansiz"]
[Result "1-0"]
[WhiteElo "1928"]
[BlackElo "1396"]
[PlyCount "71"]
[EventDate "2016.05.30"]
[EventType "swiss"]
[EventRounds "9"]
[EventCountry "THA"]
[SourceTitle "EXT 2024"]
[Source "ChessBase"]
[SourceDate "2023.10.10"]
[SourceVersion "1"]
[SourceVersionDate "2023.10.10"]
[SourceQuality "1"]

1. e4 c5 2. Nf3 d6 3. d4 cxd4 4. Nxd4 Nf6 5. Nc3 g6 6. Be3 Bg7 7. f3 0-0 8. Bc4 Nc6 9. Qd2 Bd7 10. 0-0-0 Rc8 11. Bb3 Ne5 12. h4 h5 13. Kb1 Nc4 14. Bxc4 Rxc4 15. Rdg1 a6 16. g4 hxg4 17. h5 Nxh5 18. fxg4 Nf6 19. Bh6 Rxd4 20. Qxd4 Bxg4 21. Rxg4 e5 22. Qg1 Nxg4 23. Qxg4 Bxh6 24. Rxh6 Kg7 25. Rh1 Rh8 26. Rf1 Rh4 27. Qg3 Qh8 28. Qg2 Qh6 29. Nd5 g5 30. Ne7 Rh2 31. Nf5+ Kg6 32. Qf3 Qh3 33. Ne7+ Kh6 34. Ng8+ Kg7 35. Qxf7+ Kh8 36. Ne7 1-0

[Event "Asian Schools-ch U13 11th"]
[Site "Singapore"]
[Date "2015.06.06"]
[Round "8"]
[White "Liu, Yutong"]
[Black "Pangilinan, Stephen Rome"]
[Result "1/2-1/2"]
[WhiteElo "1736"]
[BlackElo "1783"]
[PlyCount "63"]
[EventDate "2015.05.31"]
[EventType "swiss"]
[EventRounds "7"]
[EventCountry "SIN"]
[SourceTitle "EXT 2024"]
[Source "ChessBase"]
[SourceDate "2023.10.10"]
[SourceVersion "1"]
[SourceVersionDate "2023.10.10"]
[SourceQuality "1"]

1. d4 d5 2. c4 c6 3. Nc3 Nf6 4. Nf3 a6 5. cxd5 cxd5 6. Qc2 Nc6 7. Bf4 Bg4 8. e3 e6 9. Ne5 Nxe5 10. Bxe5 Be7 11. Bd3 Bh5 12. f3 Bg6 13. 0-0 Rc8 14. Rad1 0-0 15. Qb3 b5 16. Ne2 Nd7 17. a4 bxa4 18. Qxa4 Nxe5 19. dxe5 Qb6 20. Nd4 Bxd3 21. Rxd3 Rc4 22. Qa1 Rfc8 23. b3 R4c7 24. f4 g6 25. h3 Bb4 26. Rfd1 a5 27. Kh2 Rc3 28. Qa4 Rxd3 29. Rxd3 Rc3 30. Rxc3 Bxc3 31. Kg3 Qd8 32. Nf3 1/2-1/2

[Event "Asian Schools-ch U13 11th"]
[Site "Singapore"]
[Date "2015.06.03"]
[Round "6.1"]
[White "Pangilinan, Stephen Rome"]
[Black "Avalboev, Sukhrobjon"]
[Result "1-0"]
[WhiteElo "1785"]
[BlackElo "1799"]
[PlyCount "31"]
[EventDate "2015.05.31"]
[EventType "swiss"]
[EventRounds "7"]
[EventCountry "SIN"]
[SourceTitle "EXT 2024"]
[Source "ChessBase"]
[SourceDate "2023.10.10"]
[SourceVersion "1"]
[SourceVersionDate "2023.10.10"]
[SourceQuality "1"]

1. e4 d5 2. exd5 Nf6 3. d4 Nxd5 4. c4 Nb6 5. Nc3 e5 6. Be3 exd4 7. Qxd4 Qe7 8. c5 Nc6 9. Qf4 g5 10. Qg3 Nb4 11. cxb6 Nc2+ 12. Ke2 Be6 13. Rc1 Bc4+ 14. Kd2 Nxe3 15. Qxe3 0-0-0+ 16. Kc2 1-0